000 00468pab a2200169 454500
008 180718b2011 xxu||||| |||| 00| 0 eng d
100 _aJensen, Christian B.
245 _aMaking rules about rulemaking: A comparison of presidential and parliamentary system
260 _c2011
300 _ap.656-667.
362 _aSep
650 _aAdministrative law
700 _aMcGrath, Robert J.
773 _aPolitical Research Quarterly
908 _aN
909 _a93958
999 _c93958
_d93958